THEA STILTON AND THE ICE TREASURE (Record no. 9141)
[ view plain ]
| 000 -LEADER | |
|---|---|
| fixed length control field | 00362nam a22001337a 4500 |
| 082 ## - DEWEY DECIMAL CLASSIFICATION NUMBER | |
| Classification number | 823 |
| Item number | DAM/T |
| 100 ## - MAIN ENTRY--AUTHOR NAME | |
| Personal name | DAMI, ELISABETTA |
| 245 ## - TITLE STATEMENT | |
| Title | THEA STILTON AND THE ICE TREASURE |
| 246 ## - VARYING FORM OF TITLE | |
| Title proper/short title | THEA STILTON AND THE ICE TREASURE |
| Remainder of title | THEA STILTON AND THE ICE TREASURE |
| 260 ## - PUBLICATION, DISTRIBUTION, ETC. (IMPRINT) | |
| Place of publication | NEW YORK |
| Name of publisher | SCHOLASTIC |
| Year of publication | 2024 |
| 300 ## - PHYSICAL DESCRIPTION | |
| Number of Pages | 157 |
| 650 ## - SUBJECT ADDED ENTRY--TOPICAL TERM | |
| Topical Term | ENGLISH FICTION |
| 942 ## - ADDED ENTRY ELEMENTS (KOHA) | |
| Koha item type | Books |
| Withdrawn status | Lost status | Collection code | Home library | Current library | Date acquired | Source of acquisition | Cost, normal purchase price | Full call number | Accession Number | Koha item type |
|---|---|---|---|---|---|---|---|---|---|---|
| ENGLISH FICTION | Main Library | Main Library | 03/10/2025 | COTRIBUTION | 399.00 | 823 DAM/T | 13856 | Books |